000 00515nam a22001817a 4500
999 _c193009
_d193009
005 20221012165939.0
010 _aENG-135375
020 _c695.00
_a9789352533695
035 _aEN-118907
037 _bDBAD/PUB
082 _a620.112
100 _aRajpur, R.K.
245 _aTextbook of strength of materials/
_cR.K. Rajput
260 _c1998
_bS.Chand and company Ltd.
_aNew Delhi
270 _bNew Delhi
_aRam Nagar
_e110055
300 _a1294p.
_c24cm(Pbk)
942 _2ddc
_cEN
_mRAJ
_h620.112